000 00305nam a2200121 a 4500
001 4140
005 20140414131934.0
008 090218s19uu xx 00 eng d
050 _aREF 423
_bSc6 2005
245 _aScholastic pocket dictionary.
260 _aNew York :
_bScholastic,
_c2005.
999 _c112350
_d112350